Principles and Practice of Surgery (Record no. 1379)

MARC details
000 -LEADER
fixed length control field 01048cam a2200337 a 4500
001 - CONTROL NUMBER
control field 2926229
003 - CONTROL NUMBER IDENTIFIER
control field OSt
005 - DATE AND TIME OF LATEST TRANSACTION
control field 20210217154254.0
008 - FIXED-LENGTH DATA ELEMENTS--GENERAL INFORMATION
fixed length control field 891229s1991 stka 001 0 eng c
010 ## - LIBRARY OF CONGRESS CONTROL NUMBER
LC control number 89020967
020 ## - INTERNATIONAL STANDARD BOOK NUMBER
International Standard Book Number 0443039097
040 ## - CATALOGING SOURCE
Original cataloging agency DNLM/DLC
Transcribing agency DLC
Modifying agency DLC
050 10 - LIBRARY OF CONGRESS CALL NUMBER
Classification number RD31
Item number .P85 1991
060 ## - NATIONAL LIBRARY OF MEDICINE CALL NUMBER
Classification number WO 100 P9565
082 00 - DEWEY DECIMAL CLASSIFICATION NUMBER
Classification number WO 100 F77p 1994
Edition number 20
100 ## - MAIN ENTRY--PERSONAL NAME
Personal name Edited by Forrest, A. P. M.; Carter, David C.; I.B. Macleod, I.B.
9 (RLIN) 13893
245 00 - TITLE STATEMENT
Title Principles and Practice of Surgery
250 ## - EDITION STATEMENT
Edition statement 2nd ed.
260 ## - PUBLICATION, DISTRIBUTION, ETC. (IMPRINT)
Place of publication, distribution, etc. Edinburgh ;
Name of publisher, distributor, etc. Churchill Livingstone,
Date of publication, distribution, etc. 1991.
300 ## - PHYSICAL DESCRIPTION
Extent viii, 729 p. :
Other physical details ill. ;
Dimensions 25 cm.
500 ## - GENERAL NOTE
General note Cover title: Principles & practice of surgery.
500 ## - GENERAL NOTE
General note Includes index.
650 #0 - SUBJECT ADDED ENTRY--TOPICAL TERM
Topical term or geographic name as entry element Surgery.
9 (RLIN) 323
650 #0 - SUBJECT ADDED ENTRY--TOPICAL TERM
Topical term or geographic name as entry element Surgery, Operative.
9 (RLIN) 3649
650 #2 - SUBJECT ADDED ENTRY--TOPICAL TERM
Topical term or geographic name as entry element Surgery.
9 (RLIN) 323
650 #2 - SUBJECT ADDED ENTRY--TOPICAL TERM
Topical term or geographic name as entry element Surgery, Operative.
9 (RLIN) 3650
740 0# - ADDED ENTRY--UNCONTROLLED RELATED/ANALYTICAL TITLE
Uncontrolled related/analytical title Principles & practice of surgery.
906 ## - LOCAL DATA ELEMENT F, LDF (RLIN)
a 7
b cbc
c orignew
d 1
e ocip
f 19
g y-gencatlg
942 ## - ADDED ENTRY ELEMENTS (KOHA)
Source of classification or shelving scheme Other/Generic Classification Scheme
Koha item type Short Loan
Holdings
Withdrawn status Lost status Source of classification or shelving scheme Damaged status Not for loan Home library Current library Date acquired Source of acquisition Inventory number Total Checkouts Full call number Barcode Date last seen Price effective from Koha item type
    Other/Generic Classification Scheme     MUST Main Library MUST Main Library 09/04/2015   1997/10668   WO 100 F77p 1994 2015-0845 09/04/2015 09/04/2015 Short Loan
    Other/Generic Classification Scheme     MUST Main Library MUST Main Library 09/04/2015   1997/10669   WO 100 F77p 1994 2015-0846 09/04/2015 09/04/2015 Short Loan